Culture générale #5 - Statistiques

Statistiques générales
  • Ce quiz a été pris 1 443 fois
  • Le résultat moyen est 7 sur 17
Statistiques - réponses
Question Réponse % Correct
Quel processus permet aux plantes de synthétiser de la matière organique en utilisant la lumière du soleil ? La photosynthèse
90%
Comment s'appelle l'enveloppe extérieure d'un navire, qui est étanche et sous laquelle est fixé la quille ? La coque
78%
Dans quel sport olympique les athlètes doivent soulever une barre jusqu'au dessus de la tête ? L'haltérophilie
73%
Quel est le plus long fleuve d'Italie ? Le Pô
68%
Qu'est-ce que l'on mange à Cambrai ? Des bêtises
67%
Dans quel film japonais de 1954 un monstre surgit des océans à la suite d'essais nucléaires ? Gojira
65%
Qui a sculpté le David ? Michel-Ange
54%
Dans quel pays se situe la ville de Papeete ? En France
53%
Comment s'appelle la grande région marécageuse du sud de la Louisiane ? Le Bayou
40%
Quel inventeur d'origine serbo-croate mit au point le premier moteur à induction à courant alternatif ? Nikola Tesla
30%
Qui a écrit Indiana, Le Meunier d'Angibault et La Mare au Diable au dix-neuvième siècle ? George Sand
27%
Quel empire antique qui se développa autour de la ville d'Assur avait des rois nommés Adad-Nerari, Salmanazar, Shamshi-Adad et des dieux du nom d'Ishtar, Marduk, Ashur ? L'Assyrie
18%
Quelle peinture créée en 1656 par Diego Velázquez représente une pièce du palais du roi d'Espagne où se trouvent plusieurs personnages de la cour ? Les Ménines
15%
Quel quotidien français publié de 1863 à 1944 était célèbre grâce à son exploitation des faits divers et à son supplément illustré en couleur ? Le Petit Journal
11%
Quelle technique d'impression permet de reproduire un tracé au crayon ou à l'encre sur une pierre calcaire ? La lithographie
9%
Quel peuple de marchands venue de Scandinavie a gouverné au milieu du Moyen Âge la principauté de Kiev et ont combattu l'Empire Byzantin avant d'en composer sa garde impériale ? Les Varègues
3%
Quel courant musical né en Éthiopie dans les année 1950 mêle jazz et musique traditionnelle éthiopienne et est représenté par Mulatu Astatke et Mahmoud Ahmed ? L'éthio-jazz
2%
Aucun quiz correspondant
Distribution des résultats
% des personnes avec chaque résultat
Percentile par nombre de réponses
Votre historique - résultats
Vous n’avez pas pris ce quiz